Wauptstädte am nächsten zu Islamabad - Einminütiger Sprint - Statistiken

Allgemein
  • Dieses Quiz wurde 45 mal gespielt
  • Das Durchschnittsergebnis liegt bei 9 aus 20
Antwortstatistiken
km Hauptstadt % Korrekt
370 Kabul
85%
1990 Teheran
82%
689 Neu-Delhi
79%
2652 Bagdad
69%
1346 Kathmandu
67%
2184 Baku
51%
1030 Bischkek
51%
911 Taschkent
44%
1945 Astana
41%
660 Duschanbe
38%
1727 Thimphu
38%
1404 Aşgabat
36%
2013 Dhaka
31%
2625 Jerewan
31%
2279 Doha
26%
2627 Tiflis
26%
2422 Kuwait-Stadt
23%
2083 Abu Dhabi
18%
2314 Manama
18%
1816 Maskat
15%
Keine übereinstimmenden Quizze gefunden
Verteilung der Resultate
Anzahl Personen mit jedem Resultat
Perzentil nach korrekt beantworteten Fragen
Ihre Resultats-Entwicklung
Sie haben dieses Quiz noch nicht gespielt